000 00950nam a22003137a 4500
001 BR0003215
003 BR-BrBNA
005 20230928100710.0
007 ta
008 230509b bl.||||| |||| 00| 0 por d
040 _aBR-BrBNA
_bpor
_cBiblioteca Nacional de Agricultura
041 _a(Por)
072 _aE14; K70
090 _ E14 BR0003215
110 1 _aMinisterio do Meio Ambiente, dos Recursos Hidricos e da Amazonia Legal, Brasilia, DF (Brasil)
245 1 _aPrograma piloto para a protecao das florestas tropicais do Brasil
260 3 _aBrasilia, DF (Brasil):
_c1997.
300 _a165 p.
500 _a13 tables; 15 illus.; Several bibliography
650 _aFloresta Tropical
650 _aProjeto de Desenvolvimento
650 _aProtecao Florestal
650 _aRecurso Natural
650 _aDesmatamento
650 _aTerra
650 _aPolitica Florestal
909 _a202309
_bLucia
_c55
_dLucia Elande
942 _cBK
999 _c62398
_d62398